BIBLIOTHÈQUE DE LA MAISON DU MEXIQUE

Logo 1 Logo 2

Pintura y sociedad en Nueva España (notice nᵒ 11184)

détails MARC
000 -Sello discográfico
campo de control de longitud fija 01077nam a2200313 4500
005 - Identificación de versión
campo de control 20251016083856.0
035 ## - Otros números de control del sistema
Número de control del sistema 17020
099 ## - fechas locales
Tipo de ítem Koha LIBRO
100 ## - Datos de procesamiento general
Datos de procesamiento general 20040426d1986 m y1spay5003 ba
105 ## - Campo de datos codificados: Material textual, monográfico
Datos codificados de monografía a 001zy
200 1# - Título y mención de responsabilidad
Título propio Pintura y sociedad en Nueva España
Designación general del material texto impreso
Otra información del título siglo XVI
Primer mención de responsabilidad José Guadalupe Victoria
205 ## - Declaración de edición
Declaración de edición 1a ed
210 ## - Publicación, distribución, etc.
Lugar de publicación, distribución, etc. México
Nombre del editor, distribuidor, etc. Universidad Nacional Autónoma de México, Instituto de Investigaciones Estéticas
Fecha de publicación, distribución, etc. 1986
215 ## - Descripción física
Designación de material específico y extensión del ítem 209 p
Otras características físicas il., fot.
Dimensiones 23 cm
300 ## - Notas generales
Texto de la nota Ejemplar autografiado por el autor. Incluye lista de ilustraciones
320 ## - Nota de índices/bibliografías internas
Texto de la nota Bibliografía: p.167-181
345 ## - Nota de información de adquisición
Fuente de adquisición/dirección de la suscripción [OBSOLETO] Donación
410 #1 - Series
Título Estudios y Fuentes del Arte en México
Número de volumen 56
606 ## - Término temático usado como materia
Elemento de entrada Pintura mexicana
Subdivisión temática Historia
Subdivisión cronológica Siglo XVI
Número Koha 9076
660 ## - Código de área geográfica
Código MX
700 ## - Nombre personal - Responsabilidad primaria
Elemento de entrada Victoria Vicencio
Parte del nombre distinta del elemento de entrada José Guadalupe
Fechas 1948-1992
Número Koha 4274
801 #0 - Fuente de origen
Agencia cm
900 ## -
-- 1/7189
900 ## -
-- 7100418953\260404
942 ## - ELEMENTOS DE ENTRADA SECUNDARIOS (KOHA)
Tipo de ítem Koha Livre
996 ## -
-- MEX
-- 751145101
-- MMAG
-- 002807
-- 709.72 E82 V.56
-- 20201026LIV
Exemplaires
Estatus retirado Estado de daño Estado de pérdida Fecha de adquisición Biblioteca de origen Biblioteca actual Ubicación en estantería Código de barras Precio de reemplazo Signatura topográfica completa No para préstamo Tipo de ítem Koha Nota pública Nota no pública
      05/08/2025 Casa México Paris Casa México Paris   002807 05/08/2025 709.72 E82 V.56   Livre 20201026LIV 751145101